Library Banner

ABD al-Karim Al-Jili 'universal man' (Record no. 69394)

MARC details
000 -LEADER
fixed length control field 00477nam a2200181Ia 4500
001 - CONTROL NUMBER
control field 66053
008 - FIXED-LENGTH DATA ELEMENTS--GENERAL INFORMATION
fixed length control field 150404s9999 xx 000 0 und d
020 ## - INTERNATIONAL STANDARD BOOK NUMBER
International Standard Book Number 9695190049
040 ## - CATALOGING SOURCE
Transcribing agency PK-LaUMT
082 ## - DEWEY DECIMAL CLASSIFICATION NUMBER
Classification number 297.4
Item number JIL-U
100 ## - MAIN ENTRY--PERSONAL NAME
Personal name Al-Jili, ABD Al-Karim Chalabi
245 ## - TITLE STATEMENT
Title ABD al-Karim Al-Jili 'universal man'
Statement of responsibility, etc Al-Jili, ABD Al-Karim Chalabi
260 ## - PUBLICATION, DISTRIBUTION, ETC. (IMPRINT)
Place of publication, distribution, etc Lahore,Pakistan:
Name of publisher, distributor, etc Sana'e Academy,
Date of publication, distribution, etc 2000
300 ## - PHYSICAL DESCRIPTION
Extent 73 p.
546 ## - LANGUAGE NOTE
Language note EN
650 ## - SUBJECT ADDED ENTRY--TOPICAL TERM
Topical term or geographic name as entry element Sufism
942 ## - ADDED ENTRY ELEMENTS (KOHA)
Koha item type Books
Holdings
Withdrawn status Lost status Damaged status Not for loan Home library Current library Date acquired Total Checkouts Full call number Barcode Date last seen Price effective from Koha item type
        UMT Main Campus UMT Main Campus 2015-04-02   297.4 JIL-U 91158 2015-04-04 2015-04-04 Books